[Event "Rated Blitz game"]
[Site "?"]
[Date "2021.07.30"]
[Round "?"]
[White "Das_Beuteltier"]
[Black "blastol"]
[Result "1-0"]
[WhiteElo "2469"]
[BlackElo "2424"]
[PlyCount "65"]
[EventDate "2021.??.??"]
[EventType "blitz"]

1. e4 e5 2. Nf3 d5 3. exd5 Bd6 4. d4 e4 5. Qe2 Qe7 6. Ng5 Nf6 7. Nd2 O-O 8.
Ngxe4 Nxe4 9. Qxe4 Qxe4+ 10. Nxe4 Re8 11. f3 f5 12. Bd3 c6 13. O-O fxe4 14.
Bxe4 Kh8 15. Bg5 cxd5 16. Bxd5 Nc6 17. c3 Be6 18. Bxe6 Rxe6 19. d5 Bc5+ 20. Kh1
Re5 21. dxc6 Rxg5 22. cxb7 Rb8 23. Rad1 Kg8 24. Rd7 Bb6 25. f4 Ra5 26. a3 Rb5
27. b4 Be3 28. Re1 Bxf4 29. Ree7 Rg5 30. g3 Bc1 31. Rc7 Rf8 32. Rc8 Rb5 33.
Ree8 {Normal} 1-0

[Event "Rated Rapid game"]
[Site "?"]
[Date "2021.07.30"]
[Round "?"]
[White "fablovechess"]
[Black "Pashkomarku"]
[Result "1-0"]
[WhiteElo "2409"]
[BlackElo "2347"]
[PlyCount "147"]
[EventDate "2021.??.??"]
[EventType "rapid"]

1. e4 e5 2. Nf3 d5 3. Nc3 d4 4. Ne2 f6 5. Ng3 Be6 6. c4 c5 7. d3 Nc6 8. Be2 h5
9. Nh4 g5 10. Bxh5+ Kd7 11. Ng6 Rh7 12. Bg4 Qe8 13. Nxf8+ Qxf8 14. Bxe6+ Kxe6
15. Qg4+ Kd6 16. Nf5+ Kc7 17. Bd2 Nge7 18. O-O-O Qc8 19. h4 gxh4 20. Rxh4 Rxh4
21. Qxh4 Nxf5 22. exf5 Qxf5 23. f4 e4 24. g4 Qe6 25. f5 Qe5 26. dxe4 Qxe4 27.
Re1 Qd3 28. Qxf6 Qxc4+ 29. Kb1 Qd3+ 30. Kc1 Qc4+ 31. Kd1 Qxa2 32. Re7+ Kb6 33.
g5 Qxb2 34. g6 Qb3+ 35. Ke2 Qc4+ 36. Kf2 Qc2 37. Re2 Kb5 38. g7 d3 39. Qc3 Qxc3
40. Bxc3 dxe2 41. f6 Kc4 42. f7 Kxc3 43. f8=Q Rxf8+ 44. gxf8=Q c4 45. Kxe2 Nd4+
46. Kd1 b5 47. Qa3+ Nb3 48. Qxa7 b4 49. Qa4 Nd4 50. Qa1+ Kd3 51. Qb1+ Kc3 52.
Qc1+ Kd3 53. Qd2+ Ke4 54. Qxb4 Kd5 55. Kd2 Ne6 56. Kc3 Nf4 57. Qxc4+ Ke5 58.
Qd4+ Kf5 59. Kd2 Ne6 60. Qc4 Ng5 61. Ke3 Ne6 62. Qe4+ Kf6 63. Qd5 Ng5 64. Kf4
Ne6+ 65. Kg4 Ng7 66. Qd6+ Ne6 67. Kf3 Kf5 68. Qd5+ Kf6 69. Ke4 Ng5+ 70. Kd4
Ne6+ 71. Ke3 Ng5 72. Qd6+ Kf5 73. Qf8+ Ke5 74. Qf4+ {Normal} 1-0

[Event "Rated Blitz game"]
[Site "?"]
[Date "2021.07.30"]
[Round "?"]
[White "tEp-tEst"]
[Black "ferricerve"]
[Result "0-1"]
[WhiteElo "2402"]
[BlackElo "2555"]
[PlyCount "46"]
[EventDate "2021.??.??"]
[EventType "blitz"]

1. e4 e5 2. Nf3 d5 3. d4 dxe4 4. Nxe5 Bd6 5. Nc4 Nf6 6. Bg5 Be7 7. Be2 O-O 8.
O-O b6 9. a4 a5 10. Nc3 Bb7 11. Re1 h6 12. Bh4 Nc6 13. d5 Nb4 14. d6 cxd6 15.
Bxf6 Bxf6 16. Nxd6 Bc6 17. Ncxe4 Bxb2 18. Rb1 Be5 19. c3 Nd5 20. Nc4 Bxh2+ 21.
Kxh2 Qh4+ 22. Kg1 Qxe4 23. Bf3 Qxc4 {Normal} 0-1

[Event "Rated Blitz game"]
[Site "?"]
[Date "2021.07.30"]
[Round "?"]
[White "Dandel2i3Fernandez"]
[Black "ahoramahora"]
[Result "0-1"]
[WhiteElo "2477"]
[BlackElo "2365"]
[PlyCount "122"]
[EventDate "2021.??.??"]
[EventType "blitz"]

1. e4 e5 2. Nf3 d5 3. exd5 e4 4. Qe2 Nf6 5. Nc3 Be7 6. Nxe4 O-O 7. d3 Qxd5 8.
Be3 Nxe4 9. dxe4 Qxe4 10. O-O-O Nc6 11. Qd3 Bf5 12. Qxe4 Bxe4 13. Bd3 Bxd3 14.
Rxd3 Rad8 15. Rxd8 Rxd8 16. a3 Bf6 17. Rd1 Rxd1+ 18. Kxd1 a6 19. b3 Ne5 20.
Nxe5 Bxe5 21. f4 Bd6 22. Ke2 f5 23. h3 Kf7 24. a4 Ke6 25. g4 g6 26. Kd3 Kd5 27.
c4+ Kc6 28. Bd2 Kd7 29. b4 c6 30. b5 fxg4 31. hxg4 h5 32. f5 hxg4 33. fxg6 Ke6
34. Bc3 Bh2 35. Ke4 Bd6 36. bxa6 bxa6 37. Ke3 Bc7 38. c5 Bh2 39. Ke4 Bc7 40.
Bd4 Ke7 41. Kf5 g3 42. Kg5 Kf8 43. Kg4 Kg8 44. Kf3 Bb8 45. Kg2 Bc7 46. Bf6 Bf4
47. Bh4 Kg7 48. Bxg3 Be3 49. Bd6 Kxg6 50. Kf3 Bg1 51. Ke4 Kf6 52. Be5+ Ke6 53.
Bd4 Bxd4 54. Kxd4 Kf5 55. a5 Kf4 56. Kc3 Ke3 57. Kc4 Ke4 58. Kc3 Kd5 59. Kb4
Kd4 60. Ka4 Kxc5 61. Kb3 Kb5 {Normal} 0-1

[Event "Rated Blitz game"]
[Site "?"]
[Date "2021.07.30"]
[Round "?"]
[White "Lode77"]
[Black "ahoramahora"]
[Result "0-1"]
[WhiteElo "2412"]
[BlackElo "2398"]
[PlyCount "64"]
[EventDate "2021.??.??"]
[EventType "blitz"]

1. e4 e5 2. Nf3 d5 3. exd5 e4 4. Ne5 Qxd5 5. d4 exd3 6. Nxd3 Bf5 7. Nc3 Qd7 8.
Qf3 Nc6 9. Bf4 Nf6 10. O-O-O O-O-O 11. Nc5 Qe8 12. Bb5 Bxc5 13. Rxd8+ Qxd8 14.
Bxc7 Kxc7 15. Qxf5 Bd6 16. g4 h6 17. Bc4 Re8 18. Nb5+ Kb8 19. Rd1 g6 20. Qd3
Bf4+ 21. Kb1 Qxd3 22. cxd3 a6 23. Nc3 Ne5 24. Bb3 Rd8 25. d4 Nf3 26. Ne2 Bxh2
27. Bxf7 Ne4 28. Bxg6 Nxf2 29. Rc1 Nxd4 30. Nc3 Nxg4 31. b3 Bf4 32. Kb2 Bxc1+ {
Normal} 0-1

[Event "Rated Blitz game"]
[Site "?"]
[Date "2021.07.30"]
[Round "?"]
[White "CodeSlam"]
[Black "geptil"]
[Result "1-0"]
[WhiteElo "2543"]
[BlackElo "2376"]
[PlyCount "73"]
[EventDate "2021.??.??"]
[EventType "blitz"]

1. e4 e5 2. Nf3 d5 3. Nxe5 Bd6 4. d4 dxe4 5. Nc4 Nf6 6. Nc3 O-O 7. Be2 Nc6 8.
g4 Re8 9. g5 Nd7 10. h4 Bf8 11. h5 Nb6 12. Be3 Nb4 13. g6 fxg6 14. hxg6 hxg6
15. Ne5 Bf5 16. Bg4 Qf6 17. Bxf5 Qxf5 18. Qe2 c6 19. O-O-O N4d5 20. Nxd5 Nxd5
21. Rdg1 Re6 22. Rg5 Qf3 23. Qxf3 exf3 24. Nxg6 Nxe3 25. fxe3 Rf6 26. Kd2 Re8
27. e4 Bb4+ 28. c3 Rxe4 29. cxb4 Kf7 30. Ne5+ Ke6 31. Kd3 Re2 32. Rxg7 Rxb2 33.
Rxb7 Rxa2 34. Rf1 Rf4 35. Ke3 Rf6 36. Rxf3 Ra3+ 37. Ke4 {Normal} 1-0

[Event "Rated Blitz game"]
[Site "?"]
[Date "2021.07.30"]
[Round "?"]
[White "Gabriel_Young"]
[Black "KamranShirazi"]
[Result "0-1"]
[WhiteElo "2468"]
[BlackElo "2528"]
[PlyCount "170"]
[EventDate "2021.??.??"]
[EventType "blitz"]

1. e4 e5 2. Nf3 d5 3. Nxe5 Bd6 4. d4 dxe4 5. Bc4 Bxe5 6. dxe5 Qxd1+ 7. Kxd1
Bg4+ 8. Be2 Bxe2+ 9. Kxe2 Nc6 10. Nc3 Nd4+ 11. Kd1 O-O-O 12. Bd2 e3 13. fxe3
Nc6 14. Ke2 Nxe5 15. Rhf1 Nf6 16. e4 Rhe8 17. Bg5 Neg4 18. h3 Nxe4 19. Bxd8
Nxc3+ 20. Kf3 Nh2+ 21. Kf2 Ne4+ 22. Kg1 Nxf1 23. Rxf1 Kxd8 24. Rxf7 Re7 25. Rf4
g6 26. Rf3 a5 27. g4 b6 28. Kg2 Kd7 29. Rd3+ Ke6 30. Kf3 Nc5 31. Re3+ Kd6 32.
Rc3 Rf7+ 33. Kg2 Rf2+ 34. Kxf2 Ne4+ 35. Ke3 Nxc3 36. bxc3 Kd5 37. Kf4 h6 38. g5
h5 39. a4 b5 40. c4+ Kxc4 41. Ke5 bxa4 42. Kf6 a3 43. Kxg6 a2 44. Kh7 a1=Q 45.
g6 Qc3 46. g7 Qxc2+ 47. Kh6 Qg2 48. h4 Qg4 49. g8=Q+ Kb4 50. Qf8+ c5 51. Qb8+
Ka3 52. Qe5 Kb4 53. Qb2+ Kc4 54. Qc2+ Kb5 55. Qb3+ Kc6 56. Qb8 Qxh4 57. Qa8+
Kb5 58. Qe8+ Kb4 59. Qb8+ Ka3 60. Qb1 Qf6+ 61. Kxh5 Qd4 62. Qc2 a4 63. Qc1+ Kb4
64. Qb1+ Ka5 65. Qe1+ Kb5 66. Qb1+ Kc4 67. Qc2+ Kb4 68. Qb1+ Ka5 69. Qe1+ Ka6
70. Qe2+ Kb6 71. Qe6+ Kb7 72. Qe7+ Kc6 73. Qe8+ Kd5 74. Qd7+ Ke4 75. Qb7+ Ke3
76. Qa6 Qe5+ 77. Kg4 Qe4+ 78. Kg3 c4 79. Qb6+ Qd4 80. Qa5 c3 81. Qb5 Kd2 82.
Qa5 Qd3+ 83. Kg2 Qe2+ 84. Kg1 Qe1+ 85. Kg2 Qe5 {Time forfeit} 0-1

[Event "Rated Blitz tournament Ib4eMCk4"]
[Site "?"]
[Date "2021.07.30"]
[Round "?"]
[White "Marekmrkvicka"]
[Black "dr_xStranger"]
[Result "1/2-1/2"]
[WhiteElo "2318"]
[BlackElo "2525"]
[PlyCount "50"]
[EventDate "2021.??.??"]
[EventType "blitz"]

1. e4 e5 2. Nf3 d5 3. exd5 e4 4. Qe2 Nf6 5. Nc3 Be7 6. Nxe4 O-O 7. Nxf6+ Bxf6
8. d4 Re8 9. Be3 Qxd5 10. Qc4 Qa5+ 11. c3 Be6 12. Qb5 Nc6 13. Qxa5 Nxa5 14. b3
c5 15. Be2 cxd4 16. Bxd4 Bd5 17. Kd2 Bxf3 18. Bxf3 Bxd4 19. cxd4 Rad8 20. Kd3
Re7 21. Rhd1 Red7 22. Ke3 Re8+ 23. Kd3 Red8 24. Ke3 Re8+ 25. Kd3 Red8 {Normal}
1/2-1/2

[Event "Rated Blitz game"]
[Site "?"]
[Date "2021.07.30"]
[Round "?"]
[White "Gabriel_Young"]
[Black "KamranShirazi"]
[Result "0-1"]
[WhiteElo "2450"]
[BlackElo "2547"]
[PlyCount "24"]
[EventDate "2021.??.??"]
[EventType "blitz"]

1. e4 e5 2. Nf3 d5 3. Nxe5 Bd6 4. d4 dxe4 5. Nc3 Bxe5 6. dxe5 Qxd1+ 7. Nxd1 Nc6
8. Nc3 Nd4 9. Kd1 Bg4+ 10. Be2 Nh6 11. Nxe4 Bxe2+ 12. Ke1 Bh5 {Normal} 0-1

[Event "Rated Blitz game"]
[Site "?"]
[Date "2021.07.30"]
[Round "?"]
[White "rebelos"]
[Black "mirekkk14"]
[Result "0-1"]
[WhiteElo "2411"]
[BlackElo "2387"]
[PlyCount "92"]
[EventDate "2021.??.??"]
[EventType "blitz"]

1. e4 e5 2. Nf3 d5 3. Nxe5 Bd6 4. d4 dxe4 5. Nc3 Bxe5 6. dxe5 Qxd1+ 7. Kxd1 f5
8. exf6 Nxf6 9. Bg5 Bf5 10. Bxf6 gxf6 11. Nd5 Bg4+ 12. Ke1 Nd7 13. Nxc7+ Kf7
14. Bc4+ Kg6 15. Nxa8 Rxa8 16. h3 Ne5 17. hxg4 Nxc4 18. b3 Ne5 19. Ke2 Nxg4 20.
Rad1 Ne5 21. Rd4 f5 22. Rd6+ Kg5 23. Re6 Ng6 24. g3 h5 25. Rd1 h4 26. gxh4+
Nxh4 27. Rg1+ Kf4 28. Rg7 Rc8 29. c4 b5 30. Rh7 Nf3 31. Ree7 bxc4 32. bxc4 Rxc4
33. Rc7 Rb4 34. Rb7 Rd4 35. Rhd7 Rc4 36. Rbc7 Rb4 37. Rb7 Rc4 38. Rb2 a5 39.
Rd5 a4 40. Ra5 Nd4+ 41. Kf1 Kf3 42. Kg1 f4 43. Ra8 Ne2+ 44. Kh2 Kxf2 45. Re8 e3
46. Rg8 f3 {Normal} 0-1

[Event "Rated Blitz tournament Ib4eMCk4"]
[Site "?"]
[Date "2021.07.30"]
[Round "?"]
[White "malkomilovich"]
[Black "Minty0209"]
[Result "0-1"]
[WhiteElo "2415"]
[BlackElo "2250"]
[PlyCount "162"]
[EventDate "2021.??.??"]
[EventType "blitz"]

1. e4 e5 2. Nf3 d5 3. Nxe5 Bd6 4. d4 dxe4 5. Nc4 Nf6 6. Nxd6+ cxd6 7. Be2 d5 8.
O-O Nc6 9. c4 Be6 10. c5 h6 11. Nc3 O-O 12. Bf4 a6 13. Bd6 Re8 14. a3 Qd7 15.
b4 Bg4 16. h3 Bxe2 17. Qxe2 Nxd4 18. Qe3 Nf5 19. Qd2 Nxd6 20. Nxd5 Nxd5 21.
Qxd5 Rad8 22. Rad1 Re6 23. cxd6 Rxd6 24. Qxd6 Qxd6 25. Rxd6 Rxd6 26. Re1 f5 27.
Rc1 Rd7 28. Rc5 g6 29. g3 Kf7 30. Kg2 Ke6 31. a4 b6 32. Rc6+ Rd6 33. Rc7 Rd4
34. b5 axb5 35. axb5 Rd5 36. Rc6+ Rd6 37. Rc7 Rd5 38. Rc6+ Rd6 39. Rc8 Ke5 40.
g4 f4 41. h4 g5 42. hxg5 hxg5 43. Rg8 Kd4 44. Rxg5 e3 45. fxe3+ Kxe3 46. Re5+
Kd4 47. Re1 Rd5 48. Rd1+ Ke5 49. Rxd5+ Kxd5 50. g5 Ke5 51. g6 Kf6 52. Kf3 Kxg6
53. Kxf4 Kf6 54. Ke4 Ke6 55. Kd4 Kd6 56. Kc4 Ke5 57. Kd3 Kd5 58. Kc3 Kc5 59.
Kb2 Kxb5 60. Kb3 Kc5 61. Kc3 Kb5 62. Kb3 Kc5 63. Kc3 Kd5 64. Kb4 Kc6 65. Kc4
b5+ 66. Kb4 Kb6 67. Kb3 Kc5 68. Kc3 Kd5 69. Kb4 Kc6 70. Kb3 Kb6 71. Kb4 Ka6 72.
Kb3 Ka5 73. Ka3 b4+ 74. Kb3 Kb5 75. Kb2 Kc5 76. Kb3 Kb5 77. Kb2 Ka4 78. Ka2 b3+
79. Kb2 Kb4 80. Kb1 Kc3 81. Kc1 Kc4 {Time forfeit} 0-1

[Event "Rated Blitz game"]
[Site "?"]
[Date "2021.07.30"]
[Round "?"]
[White "e4c5g3"]
[Black "GoughPhar"]
[Result "0-1"]
[WhiteElo "2507"]
[BlackElo "2465"]
[PlyCount "60"]
[EventDate "2021.??.??"]
[EventType "blitz"]

1. e4 e5 2. Nf3 d5 3. d4 dxe4 4. Nxe5 Bd6 5. Nc4 Nf6 6. Nxd6+ Qxd6 7. Be3 Nc6
8. c3 Bg4 9. Be2 h5 10. h3 Bf5 11. Nd2 h4 12. Qb3 O-O 13. Qxb7 Rfb8 14. Qa6 Qe6
15. Bc4 Qd7 16. Bb3 Ne7 17. Qe2 Ned5 18. Nc4 a5 19. Ne5 Qe8 20. Bg5 a4 21. Bc4
Be6 22. Bxh4 a3 23. Bxf6 axb2 24. Rb1 Nxc3 25. Qc2 Nxb1 26. Qxb1 Bxc4 27. Nxc4
gxf6 28. O-O Qe6 29. Ne3 Qxa2 30. Qc2 b1=Q {Normal} 0-1

[Event "Rated Blitz game"]
[Site "?"]
[Date "2021.07.30"]
[Round "?"]
[White "GloomyHoneyBadger"]
[Black "ahoramahora"]
[Result "1-0"]
[WhiteElo "2441"]
[BlackElo "2361"]
[PlyCount "57"]
[EventDate "2021.??.??"]
[EventType "blitz"]

1. e4 e5 2. Nf3 d5 3. exd5 e4 4. Nd4 Qxd5 5. Nb3 Qe5 6. Qe2 Nc6 7. d3 exd3 8.
Qxe5+ Nxe5 9. cxd3 Bf5 10. d4 Nd3+ 11. Bxd3 Bxd3 12. Nc3 O-O-O 13. Bf4 Nf6 14.
O-O-O Bg6 15. Rhe1 Bd6 16. Be5 Rhe8 17. f3 a6 18. g4 h6 19. h4 Bxe5 20. dxe5
Rxd1+ 21. Nxd1 Nd7 22. f4 Bd3 23. Nd4 Bc4 24. Ne3 Bxa2 25. b3 c5 26. Ndf5 g6
27. Nd6+ Kd8 28. Nxe8 Kxe8 29. Kb2 {Normal} 1-0

[Event "Rated Blitz game"]
[Site "?"]
[Date "2021.07.30"]
[Round "?"]
[White "hobbyman"]
[Black "jsequera"]
[Result "0-1"]
[WhiteElo "2388"]
[BlackElo "2449"]
[PlyCount "72"]
[EventDate "2021.??.??"]
[EventType "blitz"]

1. e4 e5 2. Nf3 d5 3. d4 dxe4 4. Nxe5 Bd6 5. Nc3 Bxe5 6. dxe5 Qxd1+ 7. Nxd1 Nc6
8. Bf4 Nge7 9. Nc3 Ng6 10. Bg3 Ncxe5 11. Nxe4 Bf5 12. Bb5+ c6 13. Nd6+ Kf8 14.
Nxf5 cxb5 15. O-O Rc8 16. c3 h5 17. h4 Nc4 18. b3 Nb6 19. Rad1 Kg8 20. Rfe1
Rxc3 21. Ne7+ Kh7 22. Nxg6 Kxg6 23. Re7 Rc2 24. Rd6+ f6 25. Rxb7 Re8 26. Rxa7
Nc8 27. Rdd7 Nxa7 28. Rxa7 Re1+ 29. Kh2 Ra1 30. Rb7 Rcxa2 31. Rxb5 Rb1 32. b4
Rab2 33. Bd6 Rxf2 34. Rb7 Rbb2 35. Bc5 Rxg2+ 36. Kh1 Rgc2 {Normal} 0-1

[Event "Rated Blitz game"]
[Site "?"]
[Date "2021.07.30"]
[Round "?"]
[White "alaeddine13"]
[Black "ahoramahora"]
[Result "1/2-1/2"]
[WhiteElo "2401"]
[BlackElo "2381"]
[PlyCount "148"]
[EventDate "2021.??.??"]
[EventType "blitz"]

1. e4 e5 2. Nf3 d5 3. Nxe5 Bd6 4. d4 dxe4 5. Bc4 Bxe5 6. dxe5 Qxd1+ 7. Kxd1 Nc6
8. Bd5 Bg4+ 9. f3 O-O-O 10. fxg4 Rxd5+ 11. Ke2 Nxe5 12. Nc3 Rd8 13. Nxe4 Nxg4
14. Bf4 N8f6 15. Nxf6 Nxf6 16. Rad1 Rhe8+ 17. Kf3 Rxd1 18. Rxd1 Rd8 19. Re1 Re8
20. Rd1 h6 21. h4 Nd7 22. g4 Nc5 23. h5 Ne6 24. Be3 a6 25. Rd3 Rd8 26. Rxd8+
Kxd8 27. Ke4 Ke7 28. Ke5 Kd7 29. c4 c6 30. b4 b5 31. cxb5 axb5 32. Kf5 Kd6 33.
Ke4 Ng5+ 34. Bxg5 hxg5 35. Kf5 Ke7 36. Kxg5 f6+ 37. Kg6 Kf8 38. g5 fxg5 39.
Kxg5 Kf7 40. Kf5 Ke7 41. Kg6 Kf8 42. Kg5 Kf7 43. Kf5 Kg8 44. Ke6 Kh7 45. Kd6
Kh6 46. Kxc6 Kxh5 47. Kxb5 g5 48. a4 g4 49. a5 g3 50. a6 g2 51. a7 g1=Q 52.
a8=Q Qd4 53. Qc6 Qd3+ 54. Kb6 Qa3 55. b5 Kh4 56. Qf6+ Kh3 57. Qe6+ Kg2 58. Qc6+
Kh2 59. Kb7 Kg1 60. b6 Qe7+ 61. Qc7 Qe4+ 62. Kb8 Qe8+ 63. Qc8 Qe5+ 64. Ka7 Qa5+
65. Kb7 Qd5+ 66. Qc6 Qf7+ 67. Ka6 Qa2+ 68. Kb7 Qf7+ 69. Kc8 Qg8+ 70. Kc7 Qf7+
71. Kb8 Qg8+ 72. Ka7 Qa2+ 73. Kb8 Qg8+ 74. Kb7 Qf7+ {Normal} 1/2-1/2

[Event "Rated Blitz tournament Ib4eMCk4"]
[Site "?"]
[Date "2021.07.30"]
[Round "?"]
[White "Damianlamy"]
[Black "dr_xStranger"]
[Result "0-1"]
[WhiteElo "2459"]
[BlackElo "2537"]
[PlyCount "90"]
[EventDate "2021.??.??"]
[EventType "blitz"]

1. e4 e5 2. Nf3 d5 3. exd5 e4 4. Qe2 Nf6 5. d3 Bb4+ 6. c3 O-O 7. dxe4 Bc5 8.
Nbd2 c6 9. c4 cxd5 10. cxd5 Re8 11. Qc4 Bb6 12. Bd3 Nxd5 13. O-O Nf4 14. Bb1
Be6 15. Qb5 Nc6 16. Nb3 a6 17. Qg5 Ne2+ 18. Kh1 Nxc1 19. Rxc1 Bxf2 20. Nc5 Qxg5
21. Nxg5 Be3 22. Ngxe6 Bxc1 23. Nc7 Red8 24. Nd5 Nb4 25. Bd3 Bxb2 26. Rb1 Nxd5
27. exd5 Rxd5 28. Rxb2 Rxc5 29. h3 Rc1+ 30. Kh2 b5 31. a4 bxa4 32. Ra2 g6 33.
Rxa4 a5 34. Be4 Ra7 35. Bd5 Rc8 36. h4 Rb8 37. Kh3 Rb4 38. Ra1 a4 39. Ra3 Ra5
40. Ba2 Rab5 41. g3 h5 42. Kg2 Rb2+ 43. Kh3 R5b4 44. Bd5 Rd2 45. Bc6 Rbb2 {
Normal} 0-1

[Event "Rated Blitz game"]
[Site "?"]
[Date "2021.07.30"]
[Round "?"]
[White "vamos19"]
[Black "ahoramahora"]
[Result "0-1"]
[WhiteElo "2421"]
[BlackElo "2405"]
[PlyCount "90"]
[EventDate "2021.??.??"]
[EventType "blitz"]

1. e4 e5 2. Nf3 d5 3. Nxe5 Bd6 4. d4 dxe4 5. Nc3 Bxe5 6. dxe5 Qxd1+ 7. Nxd1 Nc6
8. Bb5 Nge7 9. Nc3 Bf5 10. Bf4 O-O-O 11. Rd1 Rxd1+ 12. Kxd1 Rd8+ 13. Kc1 Nd4
14. Rd1 Ng6 15. Bg3 c6 16. Bc4 e3 17. fxe3 Nxc2 18. Rxd8+ Kxd8 19. Bxf7 Nxe3
20. Bf2 Nxg2 21. Bxa7 Nxe5 22. Bb3 Nd3+ 23. Kd2 Nxb2 24. Bd4 g5 25. Ne2 Nd3 26.
Bc2 c5 27. Bxc5 Nxc5 28. Bxf5 h6 29. Kc3 Ne3 30. Bg6 Ne6 31. a4 Kc7 32. Bf7 Nf4
33. Nd4 Ng4 34. Nf5 Nxh2 35. Nxh6 g4 36. Kd4 g3 37. Ke3 g2 38. Kf2 Nf3 39. Kxf3
g1=Q 40. Kxf4 Qc1+ 41. Kf5 Qxh6 42. Bd5 Qh5+ 43. Ke4 Qg4+ 44. Kd3 Qxa4 45. Bc4
Qb4 {Time forfeit} 0-1

[Event "Rated Blitz game"]
[Site "?"]
[Date "2021.07.30"]
[Round "?"]
[White "Go0dfella"]
[Black "ahoramahora"]
[Result "1-0"]
[WhiteElo "2408"]
[BlackElo "2387"]
[PlyCount "73"]
[EventDate "2021.??.??"]
[EventType "blitz"]

1. e4 e5 2. Nf3 d5 3. exd5 e4 4. Ne5 Qxd5 5. d4 exd3 6. Nxd3 Bf5 7. Nc3 Qd7 8.
Be2 Nc6 9. Bg5 f6 10. Bf4 O-O-O 11. O-O g5 12. Be3 h5 13. Bf3 Bxd3 14. cxd3
Qxd3 15. Bxc6 Qxd1 16. Bxb7+ Kxb7 17. Rfxd1 Bd6 18. Nb5 a6 19. Nxd6+ cxd6 20.
Bd4 Rh7 21. b4 Rc7 22. a4 Rc4 23. b5 axb5 24. axb5 Ra8 25. Rxa8 Kxa8 26. Be3
Rb4 27. b6 d5 28. h3 Ne7 29. Bc5 Nc6 30. Bxb4 Nxb4 31. Rd4 Nc6 32. Rxd5 Kb7 33.
Rd6 f5 34. Rg6 g4 35. Rg5 Kxb6 36. Rxf5 gxh3 37. g3 {Normal} 1-0

[Event "Rated Blitz game"]
[Site "?"]
[Date "2021.07.30"]
[Round "?"]
[White "KoronaVirusMaster"]
[Black "jsequera"]
[Result "0-1"]
[WhiteElo "2426"]
[BlackElo "2475"]
[PlyCount "46"]
[EventDate "2021.??.??"]
[EventType "blitz"]

1. e4 e5 2. Nf3 d5 3. exd5 e4 4. Qe2 Nf6 5. Nc3 Qe7 6. Ng5 Bg4 7. f3 exf3 8.
gxf3 Bh5 9. d3 h6 10. Nge4 Nbd7 11. Bf4 O-O-O 12. O-O-O Nb6 13. Bh3+ Kb8 14. d6
cxd6 15. Nb5 Nxe4 16. dxe4 Qh4 17. Qe3 Qxh3 18. Rhf1 Be7 19. Nxd6 Bxd6 20.
Bxd6+ Rxd6 21. Rxd6 Qxf1+ 22. Rd1 Qxf3 23. Qd4 Rc8 {Normal} 0-1

[Event "Rated Blitz game"]
[Site "?"]
[Date "2021.07.30"]
[Round "?"]
[White "Protput"]
[Black "SerialDrinker"]
[Result "1-0"]
[WhiteElo "2427"]
[BlackElo "2313"]
[PlyCount "51"]
[EventDate "2021.??.??"]
[EventType "blitz"]

1. e4 e5 2. Nf3 d5 3. exd5 e4 4. Ne5 Bd6 5. d4 Nf6 6. c4 O-O 7. Be2 Re8 8. Bf4
b5 9. b3 bxc4 10. bxc4 Bb4+ 11. Nd2 Nbd7 12. Nc6 Nxd5 13. Nxd8 Nxf4 14. Nc6 e3
15. fxe3 Nxg2+ 16. Kf2 Nxe3 17. Qc1 Bf8 18. Bf3 Nf6 19. Ne5 Nfg4+ 20. Nxg4
Nxg4+ 21. Kg3 Bd6+ 22. Kh4 Nh6 23. Ne4 Be7+ 24. Ng5 Nf5+ 25. Kg4 h6 26. Bxa8 {
Time forfeit} 1-0

[Event "Rated Blitz game"]
[Site "?"]
[Date "2021.07.30"]
[Round "?"]
[White "janqis"]
[Black "annaly1979"]
[Result "0-1"]
[WhiteElo "2398"]
[BlackElo "2434"]
[PlyCount "122"]
[EventDate "2021.??.??"]
[EventType "blitz"]

1. e4 e5 2. Nf3 d5 3. Nxe5 Qe7 4. d4 f6 5. Ng4 Nc6 6. c3 Qxe4+ 7. Ne3 Nge7 8.
Bd3 Qh4 9. O-O Be6 10. Qf3 O-O-O 11. Re1 g5 12. g3 Qh3 13. Na3 a6 14. Nac2 f5
15. Bd2 f4 16. Ng2 Bg4 17. Nxf4 gxf4 18. Qxf4 Ng6 19. Qg5 Be7 20. Qh6 Nh4 21.
Bf1 Nf3+ 22. Kh1 Qxh6 23. Bxh6 Nxe1 24. Rxe1 Bf3+ 25. Kg1 Bf6 26. Bh3+ Kb8 27.
Ne3 Rde8 28. Bf5 Be4 29. Bg4 Rhg8 30. h4 Bd3 31. Bh5 Re6 32. Bf7 Rge8 33. Bxe6
Rxe6 34. Kg2 Ne7 35. Rd1 Be4+ 36. f3 Bc2 37. Rd2 Bg6 38. g4 Ng8 39. Bf4 Bxh4
40. Nxd5 Be1 41. Rd1 Bc2 42. Rc1 Bd3 43. Bxc7+ Kc8 44. Be5 Bh4 45. Nf4 Bg5 46.
Nxd3 Bxc1 47. Nxc1 Ne7 48. Nd3 Nc6 49. f4 Nxe5 50. dxe5 Kd7 51. Kf3 Rh6 52. Ke4
Rh3 53. g5 Rg3 54. f5 Rxg5 55. f6 Rg4+ 56. Kf5 Rg3 57. e6+ Kd6 58. Nf4 Rf3 59.
e7 Kd7 60. Ke4 Rf1 61. Ke5 Re1+ {Time forfeit} 0-1

[Event "Rated Blitz game"]
[Site "?"]
[Date "2021.07.30"]
[Round "?"]
[White "JH0NYuTANGCo"]
[Black "ahoramahora"]
[Result "1-0"]
[WhiteElo "2425"]
[BlackElo "2368"]
[PlyCount "47"]
[EventDate "2021.??.??"]
[EventType "blitz"]

1. e4 e5 2. Nf3 d5 3. exd5 e4 4. Qe2 Nf6 5. d3 Qxd5 6. Nc3 Bb4 7. Bd2 Bxc3 8.
Bxc3 O-O 9. dxe4 Nxe4 10. Qd3 Nxc3 11. Qxc3 Re8+ 12. Be2 Nc6 13. Rd1 Qe4 14.
Rd2 Nb4 15. O-O Nd5 16. Qb3 Nf4 17. Bc4 Be6 18. Bxe6 Rxe6 19. Rd7 Qg6 20. g3
Rb6 21. Qc4 Nh3+ 22. Kg2 Rc6 23. Qd4 Ng5 24. Rd8+ {Time forfeit} 1-0

[Event "Rated Blitz tournament ZtLOTDJ8"]
[Site "?"]
[Date "2021.07.30"]
[Round "?"]
[White "bonbonchristhov"]
[Black "arrashii"]
[Result "1/2-1/2"]
[WhiteElo "2427"]
[BlackElo "2330"]
[PlyCount "83"]
[EventDate "2021.??.??"]
[EventType "blitz"]

1. e4 e5 2. Nf3 d5 3. d4 dxe4 4. Nxe5 Be6 5. c4 Nf6 6. Nc3 Bd6 7. Bg5 c5 8.
Qa4+ Nbd7 9. Nb5 Be7 10. d5 Bf5 11. Bxf6 gxf6 12. g4 fxe5 13. gxf5 O-O 14.
O-O-O a6 15. Nc3 b5 16. Qc2 bxc4 17. Nxe4 Bg5+ 18. Kb1 Bf4 19. Bxc4 Qb6 20.
Rhg1+ Kh8 21. f3 Rab8 22. Rg2 Be3 23. b3 Bd4 24. Rg3 a5 25. a4 Qh6 26. Rd2 Nb6
27. Bb5 Nxd5 28. Rdg2 Ne3 29. Qd2 Qf4 30. f6 Nxg2 31. Qxg2 Qe3 32. Rg7 Qxb3+
33. Kc1 Be3+ 34. Nd2 Qc3+ 35. Kd1 Qxd2+ 36. Qxd2 Bxd2 37. Bd3 Rbd8 38. Rxh7+
Kg8 39. Rg7+ Kh8 40. Rh7+ Kg8 41. Rg7+ Kh8 42. Rh7+ {Normal} 1/2-1/2

[Event "Rated Blitz game"]
[Site "?"]
[Date "2021.07.30"]
[Round "?"]
[White "ilyeschess22"]
[Black "JH0NYuTANGCo"]
[Result "0-1"]
[WhiteElo "2451"]
[BlackElo "2451"]
[PlyCount "90"]
[EventDate "2021.??.??"]
[EventType "blitz"]

1. e4 e5 2. Nf3 d5 3. Nxe5 dxe4 4. d4 Bd6 5. Nc4 Nc6 6. Nc3 Nf6 7. Bg5 Bf5 8.
Be2 h6 9. Be3 Bb4 10. O-O Qd7 11. a3 Bd6 12. b4 O-O-O 13. b5 Ne7 14. Nxd6+ Qxd6
15. Na4 g5 16. c4 h5 17. c5 Qe6 18. b6 cxb6 19. cxb6 a6 20. Nc5 Qd6 21. Rc1 Kb8
22. Qa4 Ng4 23. Bxg4 hxg4 24. g3 Bc8 25. Nxa6+ bxa6 26. Rxc8+ Nxc8 27. Qxa6 Qh6
28. Rc1 Qxh2+ 29. Kf1 Qh1+ 30. Ke2 Qf3+ 31. Kd2 Rd7 32. Rc7 Rxc7 33. bxc7+ Kxc7
34. Qc4+ Kd8 35. Qd5+ Kc7 36. Qe5+ Nd6 37. Qxh8 Nc4+ 38. Kc3 Nxe3 39. Qe5+ Kd7
40. fxe3 Qxe3+ 41. Kc4 Qd3+ 42. Kd5 e3 43. Qxg5 e2 44. Qxg4+ Ke7 45. Qg5+ Kf8 {
Time forfeit} 0-1

[Event "Rated Blitz tournament Ib4eMCk4"]
[Site "?"]
[Date "2021.07.30"]
[Round "?"]
[White "LongLiveBelarus"]
[Black "Secret2700"]
[Result "1-0"]
[WhiteElo "2669"]
[BlackElo "2540"]
[PlyCount "27"]
[EventDate "2021.??.??"]
[EventType "blitz"]

1. e4 e5 2. Nf3 d5 3. exd5 e4 4. Qe2 Nf6 5. d3 Bb4+ 6. c3 O-O 7. dxe4 Bd6 8.
Bg5 Re8 9. Nbd2 h6 10. Bh4 Nbd7 11. O-O-O Nc5 12. e5 Bf5 13. Qc4 b5 14. Qf4 {
Normal} 1-0

[Event "Rated Blitz game"]
[Site "?"]
[Date "2021.07.30"]
[Round "?"]
[White "Klemos"]
[Black "CarlitosCL"]
[Result "1-0"]
[WhiteElo "2425"]
[BlackElo "2308"]
[PlyCount "63"]
[EventDate "2021.??.??"]
[EventType "blitz"]

1. e4 e5 2. Nf3 d5 3. exd5 Qxd5 4. Nc3 Qe6 5. Bb5+ Bd7 6. Bxd7+ Nxd7 7. O-O
O-O-O 8. d3 Bc5 9. Re1 f6 10. d4 Bb4 11. Bd2 Ne7 12. a3 Bxc3 13. Bxc3 Nd5 14.
Bd2 e4 15. Qe2 f5 16. Ng5 Qg6 17. c4 Ne7 18. d5 h6 19. Ne6 Rde8 20. Bc3 Rhg8
21. b4 Nf8 22. Nf4 Qd6 23. Qe3 Kb8 24. c5 Qa6 25. Red1 g5 26. Nh5 Rd8 27. Nf6
Rg6 28. d6 cxd6 29. cxd6 Nc8 30. d7 Nb6 31. Be5+ Ka8 32. Ne8 {Normal} 1-0